000 01064nam a2200301Ia 4500
003 OSt
005 20221007123949.0
006 a|||||r|||| 00| 0
007 ta
008 221006b |||||||| |||| 00| 0 eng d
020 _a9783527319183 (hbd)
024 _a83103
037 _b1178, 14/01/2009, Educational Book Agency (India)
_cTextbook
040 _aCDL
_cCDL
_beng
041 _2eng
_aeng
082 _aE:(G:55), P8 Carc
100 _aPignataro Bruno Ed.
_9718232
245 0 _aTomorrow's chemistry today:concepts in nanoscience, organic materials and environmental chemistry
260 _aWeinheim
_bWiley-VCH
_c2008
300 _axxviii, 465p.
_ccm.
500 _aIncludes bibliographical references.; Index 455-465p.
650 _a Environmental chemistry
_9716804
650 _a Nanoscience
_9642646
650 _a Organic materials
_9718233
650 _aChemistry
942 _hE:(G:55), P8 Carc
_cTB
_2CC
999 _c1212729
_d1212729